Mistrzowie świata w szachach - Statystyki

Ogólne statystyki
  • Ten quiz został rozwiązany 1 092 razy
  • Średni wynik to 11 z 19
Statystyki odpowiedzi
Hint Odpowiedź % Poprawnych
2013 - Magnus Carlsen
96%
1985 - 2003 Garry Kasparow
89%
1960 - 1961 Michaił Tal
79%
1975 - 1985 Anatolij Karpow
77%
1972 - 1975 Bobby Fisher
70%
2007 - 2013 Viswanathan Anand
70%
1921 - 1927 José Raul Capablanca
67%
2003 - 2007 Vladimir Kramnik
62%
1894 - 1921 Emanuel Lasker
56%
1927 -1935 Aleksander Alechin
52%
1937 - 1946 Aleksander Alechin
52%
1946 - 1957 Michaił Botwinnik
52%
1958 - 1960 Michaił Botwinnik
52%
1961 - 1963 Michaił Botwinnik
52%
1969 - 1972 Boris Spasski
51%
1886 - 1894 Wilhelm Steinitz
50%
1935 - 1937 Max Euwe
45%
1963 - 1969 Tigran Petrosjan
39%
1957 - 1958 Wasilij Smysłow
34%
Nie znaleziono quizów pasujących do podanych kryteriów
Rozkład punktacji
Procent ludzi z każdym wynikiem
Percentyl według liczby udzielonych odpowiedzi
Twoja historia wyników
Nie rozwiązałeś tego quizu